Get the Picture: Tolstoy or Trotsky Quiz Stats

 Plays Quiz Updated Mar 23, 2019

Score 0/20 Timer 02:00
1 Play Today
Question Answer Wrong Answers
Anna Karenina Leo Tolstoy
92.3%
Leon Trotsky
3.3%
War and Peace Leo Tolstoy
91.3%
Leon Trotsky
4%
First Five Years of the Communist International Leon Trotsky
87.5%
Leo Tolstoy
7.3%
Our Political Tasks Leon Trotsky
87.2%
Leo Tolstoy
8.2%
The Revolution Betrayed Leon Trotsky
85.2%
Leo Tolstoy
10%
The Death of Ivan Ilyich Leo Tolstoy
83.1%
Leon Trotsky
11.9%
The New Course Leon Trotsky
81.1%
Leo Tolstoy
14%
Europe and America Leon Trotsky
80.3%
Leo Tolstoy
15%
The Program of Peace Leon Trotsky
79.2%
Leo Tolstoy
15.6%
Lessons of October Leon Trotsky
75.7%
Leo Tolstoy
19.7%
The Kreutzer Sonata Leo Tolstoy
72.4%
Leon Trotsky
22.6%
Literature and Revolution Leon Trotsky
71.9%
Leo Tolstoy
23.8%
Childhood Leo Tolstoy
70.1%
Leon Trotsky
24.8%
Resurrection Leo Tolstoy
66.8%
Leon Trotsky
28.2%
Family Happiness Leo Tolstoy
66.5%
Leon Trotsky
28.5%
Sevastopol Sketches Leo Tolstoy
62.6%
Leon Trotsky
32.5%
The Cossacks Leo Tolstoy
61.4%
Leon Trotsky
34.1%
The Gospel in Brief Leo Tolstoy
55%
Leon Trotsky
40.7%
Questions of Life Leon Trotsky
48.4%
Leo Tolstoy
46.8%
There and Back Again Leon Trotsky
33.7%
Leo Tolstoy
62%

Today's Daily Dose

Missing Word
Sherlocks

Word Ladder
King of the Hill

Quick Pick
Songs in Pink

Get the Picture
NBA Teammates

You're not logged in!

Compare scores with friends on all Sporcle quizzes.
OR
Log In

Sporcle TV

Today on Sporcle TV


Watch our educational content, quiz creation guides, and fun videos on Sporcle TV.

Show Comments

Extras

Top Quizzes Today


Score Distribution

Your Account Isn't Verified!

In order to create a playlist on Sporcle, you need to verify the email address you used during registration. Go to your Sporcle Settings to finish the process.

Report this User

Report this user for behavior that violates our Community Guidelines.

Details: